Felséges Első Ferentz Austriai Császár, Magyar, És Cseh Ország Koronas Királyától Po'sony Szabad Királyi Havánar 11-dik Napjára Rendeltetett magyar Ország Gyűlésének Jegyző Könyve Melly Eredetképpen Magyar Nyelven Íratott, És Az Ország Gyűlésének Fö Vigyázása alatt Hitelesen Deák Nyelvre Fordítatott Diarum Comitiorum Regni Hungariae A Serenissimo, Ac Potentissimo Imperatore, Hungariae, Et Bohemiae Rege Francisco Primo In Liberam, Ac Regiam Civitatem Posoniensem In Diem 11- mam Septembris Anni 1825 Indictorum. Originale Hungarica Lingua Conceptum, Et Auctoritate Comitiorum Latinitate Donatum Második Darab = Tomus Secundus

Bibliographic Details
Corporate Author: Belnay dedičia (Printer)
Format: Book
Language:Hungarian
Latin
PhysicalDescription:710 strán 38 cm
Subjects:

MARC

LEADER 00000nam a2200000 4500
001 vtls012283017
003 SK-MaSNL
005 20260301192940.0
008 250922s1825 xo a f 000 0 hun
015 |a SNBHFA 
040 |a SNKHF  |b slo  |c SNKHF  |e rda 
041 0 |a lat 
043 |a e-hu--- 
044 |a xo  |c SK 
072 7 |a 32  |x Politika  |2 konspekt 
080 |a 32  |2 2011 
080 |a (439.2)  |2 2011 
130 0 |a Felséges  |9 291774 
245 1 0 |a Felséges Első Ferentz Austriai Császár, Magyar, És Cseh Ország Koronas Királyától Po'sony Szabad Királyi Havánar 11-dik Napjára Rendeltetett magyar Ország Gyűlésének Jegyző Könyve Melly Eredetképpen Magyar Nyelven Íratott, És Az Ország Gyűlésének Fö Vigyázása alatt Hitelesen Deák Nyelvre Fordítatott  |n Második Darab =  |b Diarum Comitiorum Regni Hungariae A Serenissimo, Ac Potentissimo Imperatore, Hungariae, Et Bohemiae Rege Francisco Primo In Liberam, Ac Regiam Civitatem Posoniensem In Diem 11- mam Septembris Anni 1825 Indictorum. Originale Hungarica Lingua Conceptum, Et Auctoritate Comitiorum Latinitate Donatum  |n Tomus Secundus 
264 3 |a Po'sonyban  |b Belnay Öröseinek Betüivel  |c 1825 és 1826 
264 3 |a Posonii  |b Typis Haeredum Belnayanorum  |c 1825 et 1826 
300 |a 710 strán  |c 38 cm 
336 |a text  |b txt  |2 rdacontent 
337 |a bez média  |b n  |2 rdamedia 
338 |a zväzok  |b nc  |2 rdacarrier 
500 |a Linky, dvojstĺpcová sadzba 
546 |a Maďarský text  |b Antikva 
546 |a Latinský text  |b Antikva 
563 |a Väzba: pôvodná, lepenková, chrbát a rohy hnedá koža.  |5 SNK SA 529/2 
650 0 7 |a politika  |2 SNKPH  |9 968 
650 0 7 |a uhorské právo  |2 SNKPH  |9 306032 
650 0 7 |a Uhorský snem  |2 SNKPH  |9 291775 
650 0 7 |a zápisnice  |2 SNKPH  |9 268740 
651 7 |a Uhorsko  |2 SNKPHgeo  |9 28673 
700 0 |a František  |b I.,  |c rakúsky cisár,  |d 1768-1835  |4 oth  |9 239879 
710 2 |a Belnay dedičia  |4 prt  |9 448174 
752 |a Slovensko  |d Bratislava 
852 |a snk  |p SA 529/2 
958 |a ONDV 
958 |a DF 
999 |c 875621  |d 877551 
952 |t 1  |a SNK  |b SNK  |c SNK_KF  |y PREZ  |7 8  |p 17A0725015  |o snkSA 529/2  |i snkKSF 4015/57  |8 5  |0 0  |1 0  |2 udc  |4 0  |d 2025-09-22  |l 0  |r 2026-02-24 05:56:00  |w 2026-02-24